[Event "4th Stage Russian Cup"]
[Site "Samara RUS"]
[Date "2002.08.02"]
[Round "8"]
[White "Akhmadeev,V"]
[Black "Poletaev,Vi"]
[Result "1-0"]
[WhiteElo "2414"]
[BlackElo "2247"]
[EventDate "2002.07.26"]

1. e4 c6 2. d4 d5 3. Nd2 dxe4 4. Nxe4 Bf5 5. Ng3 Bg6 6. h4 h6 7. Nf3 Nd7 8.
h5 Bh7 9. Bd3 Bxd3 10. Qxd3 Qc7 11. Bd2 Ngf6 12. O-O-O e6 13. Ne4 Nxe4 14.
Qxe4 Nf6 15. Qe2 Bd6 16. Ne5 O-O-O 17. c4 Bxe5 18. dxe5 Nd7 19. f4 Rhe8 20.
Be3 f6 21. exf6 gxf6 22. g4 e5 23. f5 Rh8 24. Kb1 Rdg8 25. Rhg1 Rg7 26. Qd2
Nb6 27. b3 Rd7 28. Qc1 Rxd1 29. Rxd1 Qg7 30. Rg1 Qf8 31. Qd2 Rh7 32. Qc1
Qb4 33. Qd2 Qf8 34. Ka1 Rd7 35. Bxh6 Qd8 36. Qc1 Rd3 37. Be3 a5 38. Kb2 a4
39. Kc2 e4 40. Rd1 axb3+ 41. axb3 Nd7 42. Rxd3 exd3+ 43. Kb2 Ne5 44. Qd1
Qd6 45. h6 1-0

[Event "4th Stage Russian Cup"]
[Site "Samara RUS"]
[Date "2002.08.02"]
[Round "8"]
[White "Krishilovsky,A"]
[Black "Shkliar,S"]
[Result "1-0"]
[WhiteElo "2040"]
[BlackElo "2211"]
[EventDate "2002.07.26"]

1. d4 Nf6 2. c4 c5 3. d5 e6 4. Nc3 exd5 5. cxd5 d6 6. e4 g6 7. Bd3 Bg7 8.
h3 O-O 9. Nf3 Na6 10. O-O Nc7 11. Re1 a6 12. a4 Rb8 13. Rb1 b5 14. axb5
axb5 15. b4 cxb4 16. Na2 Na6 17. Nxb4 Nxb4 18. Rxb4 Re8 19. Qb3 Ba6 20. Nd4
Qd7 21. Bd2 Ra8 22. Nc6 Qc7 23. Rc1 Qb7 24. Bf4 Qd7 25. f3 Nh5 26. Bh2 Bh6
27. Rd1 Be3+ 28. Kh1 Bc5 29. Qb2 Bxb4 30. Qxb4 Bb7 31. Bxb5 Qc7 32. Bxd6
Qc8 33. Ne7+ Rxe7 34. Bxe7 Nf4 35. Qc5 Ra2 36. Qxc8+ Bxc8 37. Bf1 1-0

[Event "4th Stage Russian Cup"]
[Site "Samara RUS"]
[Date "2002.08.02"]
[Round "8"]
[White "Melkozerov,D"]
[Black "Snatenkov,V"]
[Result "1/2-1/2"]
[WhiteElo "2364"]
[BlackElo "2225"]
[EventDate "2002.07.26"]

1. e4 c5 2. Nf3 e6 3. d4 cxd4 4. Nxd4 Nc6 5. Nc3 Qc7 6. Be2 a6 7. Be3 Nf6
8. O-O Bb4 9. Na4 O-O 10. c4 Nxe4 11. c5 d6 12. Nxc6 Qxc6 13. Nb6 Rb8 14.
cxd6 Qxd6 15. Qxd6 Bxd6 16. Rac1 Nf6 17. Rfd1 Nd5 18. Bf3 Be5 19. Rd2 Nxb6
20. Bxb6 Bf4 21. Be3 Bxe3 22. fxe3 e5 23. Bd5 Be6 24. Bxe6 fxe6 25. h3
1/2-1/2

[Event "4th Stage Russian Cup"]
[Site "Samara RUS"]
[Date "2002.08.02"]
[Round "8"]
[White "Kiselev,Ar"]
[Black "Gazizov,R"]
[Result "1-0"]
[WhiteElo "2195"]
[BlackElo "2358"]
[EventDate "2002.07.26"]

1. d4 d5 2. c4 dxc4 3. e3 a6 4. Bxc4 e6 5. Nf3 c5 6. O-O Nf6 7. Bb3 b5 8.
a4 b4 9. Nbd2 Bb7 10. Nc4 Nbd7 11. Qe2 cxd4 12. exd4 Be7 13. Re1 O-O 14.
Bg5 Nb6 15. Nce5 Bd5 16. Bc2 Nfd7 17. Bf4 Nxe5 18. Nxe5 f5 19. a5 Nd7 20.
Nc6 Qe8 21. Bd3 Bf6 22. Nxb4 Bxd4 23. Bd6 Bb7 24. Bxf8 Kxf8 25. Bxa6 Bxa6
26. Nxa6 Qg6 27. g3 Ne5 28. Ra3 Qh6 29. Nc7 1-0

[Event "4th Stage Russian Cup"]
[Site "Samara RUS"]
[Date "2002.08.02"]
[Round "8"]
[White "Kondenko,A"]
[Black "Gareev,T"]
[Result "0-1"]
[WhiteElo "2335"]
[BlackElo "2191"]
[EventDate "2002.07.26"]

1. e4 c5 2. Nf3 Nc6 3. Nc3 e6 4. d4 cxd4 5. Nxd4 d6 6. Bc4 Nf6 7. Be3 Be7
8. Qe2 O-O 9. O-O-O a6 10. g4 Qc7 11. g5 Nd7 12. Nxe6 fxe6 13. Bxe6+ Kh8
14. Nd5 Qd8 15. f4 Nc5 16. Bxc8 Rxc8 17. Kb1 Qe8 18. Qg2 Bd8 19. e5 Ne7 20.
Rhe1 dxe5 21. fxe5 Qc6 22. c4 b5 23. cxb5 Qg6+ 24. Ka1 axb5 25. Nf4 Qf5 26.
Nd3 Qe4 27. Qxe4 Nxe4 28. h4 Nf5 0-1

[Event "4th Stage Russian Cup"]
[Site "Samara RUS"]
[Date "2002.08.02"]
[Round "8"]
[White "Jamaletdinov,R"]
[Black "Kniazev,A"]
[Result "1/2-1/2"]
[WhiteElo "2122"]
[BlackElo "2286"]
[EventDate "2002.07.26"]

1. d4 Nf6 2. c4 e6 3. g3 Bb4+ 4. Bd2 Qe7 5. Bg2 Nc6 6. Nf3 Bxd2+ 7. Nbxd2
d6 8. O-O a5 9. e4 e5 10. d5 Nb8 11. Ne1 h5 12. Nd3 h4 13. Qc2 b6 14. b3
hxg3 15. hxg3 Ng4 16. Rfe1 Qg5 17. Nf1 Qh5 18. f3 Nh2 19. Kf2 Nxf1 20. Rxf1
Qg6 21. Rh1 Rf8 22. f4 Nd7 23. Bf3 Qf6 24. Qc3 exf4 25. Qxf6 fxg3+ 26. Kxg3
Nxf6 27. Rhe1 Bb7 28. e5 dxe5 29. Rxe5+ Kd7 30. Rg5 Rae8 31. Rxg7 Re3 32.
Nf4 Kd6 33. Kf2 Rc3 34. Re1 Bc8 35. Re3 Rc2+ 36. Re2 Bf5 37. Rg5 Ne4+ 38.
Bxe4 Bxe4 39. Ke3 Rxe2+ 40. Nxe2 Bg6 41. Nc3 Rh8 42. Nb5+ Kd7 43. Rg2
1/2-1/2

[Event "4th Stage Russian Cup"]
[Site "Samara RUS"]
[Date "2002.08.02"]
[Round "8"]
[White "Pavlov,De"]
[Black "Sidorova,E"]
[Result "0-1"]
[WhiteElo "2263"]
[BlackElo "2132"]
[EventDate "2002.07.26"]

1. c4 c5 2. Nc3 e6 3. Nf3 Nf6 4. d4 cxd4 5. Nxd4 a6 6. e3 Be7 7. Be2 Qc7 8.
O-O O-O 9. Qd3 Nc6 10. b3 d5 11. Nxc6 bxc6 12. Bb2 Rd8 13. Rac1 Qb8 14. Bf3
Nd7 15. Na4 a5 16. Qb1 Ba6 17. Be2 Bd6 18. h3 Bh2+ 19. Kh1 Be5 20. Bd3 h6
21. e4 d4 22. Rce1 c5 23. Bc1 Bf4 24. Bxf4 Qxf4 25. Qc1 Qxc1 26. Rxc1 Bb7
27. Nb2 a4 28. f4 axb3 29. axb3 Ra2 30. Rb1 Bc6 31. Nd1 Rd2 32. Nf2 Ra8 33.
Rbd1 Rb2 34. Rb1 Raa2 35. Kg1 g5 36. fxg5 Ne5 37. Rxb2 Rxb2 38. gxh6 Rxf2
39. Rxf2 Nxd3 0-1

[Event "4th Stage Russian Cup"]
[Site "Samara RUS"]
[Date "2002.08.02"]
[Round "8"]
[White "Ayupov,D"]
[Black "Shutalev,M"]
[Result "1-0"]
[WhiteElo "2312"]
[BlackElo "2140"]
[EventDate "2002.07.26"]

1. d4 e6 2. e4 b6 3. Nf3 Bb7 4. Bd3 c5 5. O-O cxd4 6. Nxd4 Nc6 7. Be3 Nf6
8. Nc3 Bb4 9. Qe2 Bxc3 10. bxc3 O-O 11. Rad1 Qe7 12. f4 g6 13. Nxc6 Bxc6
14. Bd4 d6 15. e5 Nd7 16. Rde1 Rfd8 17. Qe3 dxe5 18. fxe5 Nc5 19. Rf6 Nxd3
20. cxd3 Rd7 21. Ref1 Qe8 22. h4 Kg7 23. h5 Rad8 24. R1f4 Qe7 25. Qh3 Rg8
26. hxg6 hxg6 27. Rh4 Kf8 28. Rh8 Qe8 29. Rh7 Qe7 30. Rhxf7+ Qxf7 31. Qxe6
Ba4 32. Rxf7+ Rxf7 33. Qd6+ Re7 34. e6 1-0

[Event "4th Stage Russian Cup"]
[Site "Samara RUS"]
[Date "2002.08.02"]
[Round "8"]
[White "Rodchenkov,V"]
[Black "Kurganov,D"]
[Result "1-0"]
[WhiteElo "2305"]
[BlackElo "2106"]
[EventDate "2002.07.26"]

1. e4 c5 2. Nf3 Nc6 3. Bb5 e6 4. O-O Nge7 5. c3 a6 6. Ba4 b5 7. Bc2 d6 8.
Re1 Ng6 9. d4 Be7 10. Nbd2 Bb7 11. g3 O-O 12. h4 b4 13. h5 Nh8 14. d5 Ne5
15. Nxe5 dxe5 16. c4 Bc8 17. Ba4 f6 18. Bc6 Ra7 19. Nf1 Nf7 20. dxe6 Bxe6
21. Ne3 Qc8 22. Bd5 Nd6 23. Qe2 Ne8 24. Qg4 Kf7 25. Nf5 Rg8 26. Be3 Bf8 27.
Rad1 Rc7 28. Qf3 Nd6 29. Nxd6+ Bxd6 30. Bxe6+ Qxe6 31. Rd5 Rd8 32. Red1
Rcd7 33. Kg2 Bf8 34. Qe2 Rxd5 35. cxd5 Qb6 36. Rc1 Bd6 37. Rc4 Qb5 38. Qc2
Rc8 39. b3 Rc7 40. f4 Kg8 41. Qf2 exf4 42. Bxf4 Qd7 43. Bxd6 Qxd6 44. Qf4
Qe5 45. h6 gxh6 46. d6 Qxf4 47. gxf4 Rc8 48. e5 Kf7 49. Kf3 Ke6 50. Ke4
fxe5 51. fxe5 a5 52. Rc2 c4 53. bxc4 Rc5 54. Kd4 Rxe5 55. d7 1-0

[Event "4th Stage Russian Cup"]
[Site "Samara RUS"]
[Date "2002.08.02"]
[Round "8"]
[White "Rjabzev,K"]
[Black "Doluhanova,E"]
[Result "1/2-1/2"]
[WhiteElo "2265"]
[BlackElo "2097"]
[EventDate "2002.07.26"]

1. e4 c5 2. Nf3 e6 3. d4 cxd4 4. Nxd4 Nf6 5. Nc3 d6 6. f4 a6 7. Qf3 Qc7 8.
g4 Nc6 9. Nb3 Nb4 10. Bd3 d5 11. e5 Nd7 12. Be3 Nc5 13. Nxc5 Bxc5 14. Qf2
Bxe3 15. Qxe3 Nxd3+ 16. cxd3 Qd8 17. Ne2 Qa5+ 18. Qd2 Qxd2+ 19. Kxd2 Bd7
20. Rhc1 Ke7 21. Rc7 Rab8 22. Rac1 f6 23. Ke3 Rhf8 24. Kd4 g5 25. exf6+
Rxf6 26. Ke5 Rh6 27. f5 exf5 28. gxf5 Re8 29. Nd4 Kd8+ 30. Kxd5 Bc6+ 31.
R7xc6 bxc6+ 32. Nxc6+ Kc7 33. Ne5+ Kb6 34. Nd7+ Kb7 35. f6 Rd8 36. Ke6 Rxd7
37. Kxd7 Rxf6 38. Rc2 Rf4 39. Ke6 Rd4 40. Rd2 Kc6 41. Ke5 Rd5+ 42. Ke4 Kd6
43. d4 h5 44. a4 g4 45. Rf2 Ra5 46. b3 Ke6 47. Rf8 Rg5 48. Rh8 a5 49. Rh6+
Ke7 50. Kf4 Rd5 51. Ke3 Rg5 52. Kd3 Kf7 53. Ke4 Kg7 54. Rb6 g3 55. hxg3
Rxg3 56. Kf5 h4 57. Kf4 Rd3 58. Kg4 Rxd4+ 59. Kh3 Kf7 60. Rb5 Ke7 61. Kh2
Rd3 1/2-1/2

[Event "4th Stage Russian Cup"]
[Site "Samara RUS"]
[Date "2002.08.02"]
[Round "8"]
[White "Khakimov,T"]
[Black "Askarov,M"]
[Result "0-1"]
[WhiteElo "2132"]
[BlackElo "2242"]
[EventDate "2002.07.26"]

1. e4 c5 2. Nf3 d6 3. d4 cxd4 4. Nxd4 Nf6 5. Nc3 a6 6. Bg5 Nbd7 7. f4 Qb6
8. Qd2 Qxb2 9. Rb1 Qa3 10. Bxf6 gxf6 11. Nd5 Rb8 12. Be2 h5 13. O-O Qc5 14.
Kh1 e6 15. Nc3 b6 16. f5 Bh6 17. Qd1 e5 18. Ne6 Qxc3 19. Qxd6 Bf8 20. Qd1
fxe6 21. fxe6 Nc5 22. Rxf6 Bxe6 23. Bxh5+ Ke7 24. Rf1 Rd8 25. Qe2 Rd2 26.
Qe1 Rxh5 27. Rxb6 Rxh2+ 0-1

[Event "4th Stage Russian Cup"]
[Site "Samara RUS"]
[Date "2002.08.02"]
[Round "8"]
[White "Kozlitin,O"]
[Black "Guseva,O"]
[Result "1-0"]
[WhiteElo "2273"]
[BlackElo "2227"]
[EventDate "2002.07.26"]

1. e4 c5 2. Nf3 Nc6 3. d4 cxd4 4. Nxd4 Nf6 5. Nc3 d6 6. Bg5 e6 7. Qd2 a6 8.
O-O-O h6 9. Be3 Be7 10. f3 Bd7 11. Kb1 b5 12. g4 Ne5 13. Qg2 b4 14. Nce2
Nc4 15. Bc1 Qc7 16. h4 g6 17. Ng3 e5 18. Nb3 Rc8 19. g5 hxg5 20. Bxc4 Qxc4
21. hxg5 Nh5 22. Nxh5 gxh5 23. Rh2 h4 24. f4 h3 25. Qf3 Bc6 26. Re1 Bd8 27.
g6 fxg6 28. Qg4 Bd7 29. Qxg6+ Qf7 30. Qxd6 Bc7 31. Qxa6 exf4 32. e5 Ke7 33.
e6 Bxe6 34. Rhe2 Rh6 35. Qxc8 Kd6 36. Qa6+ Ke7 37. Nd4 1-0

[Event "4th Stage Russian Cup"]
[Site "Samara RUS"]
[Date "2002.08.02"]
[Round "8"]
[White "Zhumabaev,R"]
[Black "Shestoperova,A"]
[Result "1-0"]
[WhiteElo "2234"]
[BlackElo "2201"]
[EventDate "2002.07.26"]

1. e4 c5 2. Nf3 a6 3. d4 cxd4 4. Nxd4 Nf6 5. Nc3 e5 6. Nf3 Nc6 7. Bg5 Bb4
8. Bc4 h6 9. Bd2 d6 10. O-O O-O 11. Nd5 Bxd2 12. Nxd2 Nxd5 13. Bxd5 Qe7 14.
Nc4 Rd8 15. c3 Be6 16. Ne3 Rac8 17. Qe2 Qg5 18. Rfd1 Bxd5 19. Rxd5 Ne7 20.
Rd2 Qg6 21. Qf3 Qe6 22. g3 Rc5 23. Rad1 Rc6 24. Nd5 Nc8 25. Rd3 Rf8 26. b3
f5 27. exf5 Rxf5 28. Qe4 Rf8 29. Ne3 Qf7 30. R1d2 Ne7 31. c4 Kh8 32. Kg2
Nc8 33. Nd5 Qf5 34. Qxf5 Rxf5 35. Nc3 Rf6 36. Ne4 Re6 37. Rd5 b6 38. h4 Kg8
39. Kf3 Kf7 40. h5 Ke8 41. g4 Kd7 42. c5 Ke7 43. cxd6+ Nxd6 44. Nxd6 Rcxd6
45. Rxd6 Rxd6 46. Rxd6 Kxd6 47. Ke4 Ke6 48. f3 a5 49. a4 Kd6 50. Kf5 b5 51.
Kg6 bxa4 52. bxa4 Kd5 53. Kxg7 Kd4 54. Kxh6 Ke3 55. Kg6 Kxf3 56. h6 e4 57.
h7 e3 58. h8=Q Kxg4 59. Qc3 Kf3 60. Qe1 e2 61. Kf5 1-0

[Event "4th Stage Russian Cup"]
[Site "Samara RUS"]
[Date "2002.08.02"]
[Round "8"]
[White "Razuvajeva,J"]
[Black "Nagimov,A"]
[Result "1/2-1/2"]
[WhiteElo "2182"]
[BlackElo "2154"]
[EventDate "2002.07.26"]

1. e4 c5 2. Nf3 d6 3. d4 cxd4 4. Nxd4 Nf6 5. Nc3 a6 6. Bg5 e6 7. f4 Bd7 8.
Qf3 Nc6 9. Nb3 Qc7 10. O-O-O Be7 11. g4 Rc8 12. Bxf6 Bxf6 13. g5 Be7 14. h4
b5 15. Bd3 Na5 16. f5 Nxb3+ 17. axb3 b4 18. fxe6 fxe6 19. Ne2 a5 1/2-1/2

[Event "4th Stage Russian Cup"]
[Site "Samara RUS"]
[Date "2002.08.02"]
[Round "8"]
[White "Petrov,Il"]
[Black "Kochetkov,Vic"]
[Result "1-0"]
[WhiteElo "2161"]
[BlackElo "2161"]
[EventDate "2002.07.26"]

1. e4 c5 2. Nf3 Qc7 3. d4 cxd4 4. Nxd4 Nc6 5. Nc3 e6 6. Be2 d6 7. Be3 Bd7
8. Qd2 a6 9. O-O Nf6 10. Rad1 Be7 11. f4 O-O 12. Nb3 e5 13. f5 b5 14. g4 b4
15. Nd5 Nxd5 16. Qxd5 Rfd8 17. g5 Bf8 18. Bc4 Be8 19. g6 Ne7 20. gxf7+ Kh8
21. fxe8=Q Nxd5 22. Qe6 Nf6 23. Bd3 Rac8 24. Nd2 Ng4 25. Bg5 Re8 26. Qb3
1-0

[Event "4th Stage Russian Cup"]
[Site "Samara RUS"]
[Date "2002.08.02"]
[Round "8"]
[White "Vaulin,A"]
[Black "Grachev,B"]
[Result "1/2-1/2"]
[WhiteElo "2544"]
[BlackElo "2466"]
[EventDate "2002.07.26"]

1. c4 e6 2. Nf3 d5 3. d4 c6 4. Qc2 dxc4 5. Qxc4 b5 6. Qc2 Bb7 7. e4 Nd7 8.
Bd3 a6 9. a4 Rc8 10. Qe2 c5 11. axb5 c4 12. Bc2 axb5 13. O-O Ngf6 14. d5
Bc5 15. Nc3 Qb6 16. dxe6 fxe6 17. e5 Bxf3 18. gxf3 Nd5 19. Nxd5 exd5 20.
Bf5 Qb7 21. f4 1/2-1/2

[Event "4th Stage Russian Cup"]
[Site "Samara RUS"]
[Date "2002.08.03"]
[Round "9"]
[White "Kruppa,Y"]
[Black "Solovjov,S"]
[Result "1/2-1/2"]
[WhiteElo "2544"]
[BlackElo "2457"]
[EventDate "2002.07.26"]

1. d4 d5 2. c4 c6 3. Nc3 e6 4. e3 Nf6 5. Nf3 Nbd7 6. Qc2 Bd6 7. Bd3 O-O 8.
O-O dxc4 9. Bxc4 a6 10. Rd1 b5 11. Be2 Qc7 12. e4 e5 13. g3 Re8 14. dxe5
Nxe5 15. Bg5 Nxf3+ 16. Bxf3 Be5 17. Bxf6 gxf6 18. Rac1 Bb7 19. Bg4 Rad8 20.
b3 Rxd1+ 21. Nxd1 Bd4 22. Qd2 c5 23. Nc3 Bxc3 24. Rxc3 Rxe4 25. Bf3 Re5 26.
Qh6 Re1+ 27. Kg2 Qe5 28. Rd3 Qe7 29. Qf4 Re5 30. Qg4+ Kf8 31. Qf4 Kg7 32.
h4 Bxf3+ 33. Qxf3 Qe6 34. Rd8 Re2 35. Qa8 Qe4+ 36. Qxe4 Rxe4 37. Kf3 Re5
38. Ra8 c4 39. bxc4 bxc4 40. Rxa6 Rc5 41. Rb6 c3 1/2-1/2

[Event "4th Stage Russian Cup"]
[Site "Samara RUS"]
[Date "2002.08.03"]
[Round "9"]
[White "Akhmetov,A"]
[Black "Bezgodov,A"]
[Result "0-1"]
[WhiteElo "2482"]
[BlackElo "2518"]
[EventDate "2002.07.26"]

1. d4 d5 2. c4 c6 3. cxd5 cxd5 4. Nc3 Nf6 5. Nf3 Nc6 6. Bf4 Nh5 7. Bd2 Nf6
8. Bf4 Nh5 9. Bd2 Nf6 10. e3 e6 11. Bd3 Bd6 12. O-O O-O 13. Qe2 e5 14. dxe5
Nxe5 15. Nxe5 Bxe5 16. h3 Re8 17. Rfd1 Bd7 18. Rac1 Bc6 19. Bb5 Re6 20. Be1
Qe7 21. Qf1 Re8 22. Rc2 Bb8 23. Be2 h5 24. h4 Ne4 25. g3 Nxg3 26. fxg3 Rxe3
27. Bf2 Bxg3 28. Rd4 Qe5 29. Rcd2 Re6 30. Bxe3 Qxe3+ 31. Kh1 Rf6 32. Qg2
Be5 33. Nd1 Qh6 34. Qg5 Qxg5 35. hxg5 Rf5 36. Bxh5 Rxg5 37. Bf3 Bxd4 38.
Rxd4 f6 39. Nc3 Kf7 40. Bxd5+ Rxd5 41. Nxd5 Ke6 42. Kh2 Bxd5 43. Kg3 g5 44.
a3 f5 45. Rd2 Ke5 46. Re2+ Kf6 47. Rc2 f4+ 48. Kg4 Be6+ 49. Kf3 b6 50. Rc7
Kf5 51. Rxa7 Bd5+ 52. Ke2 g4 53. Rg7 g3 54. Ke1 Ke4 55. a4 Ke3 56. Rg5 g2
57. b4 f3 58. Rg3 Bc4 59. a5 0-1

[Event "4th Stage Russian Cup"]
[Site "Samara RUS"]
[Date "2002.08.03"]
[Round "9"]
[White "Tunik,G"]
[Black "Iljin,A"]
[Result "1/2-1/2"]
[WhiteElo "2505"]
[BlackElo "2450"]
[EventDate "2002.07.26"]

1. d4 Nf6 2. c4 e6 3. Nf3 b6 4. g3 Ba6 5. b3 Bb4+ 6. Bd2 Bxd2+ 7. Qxd2 c5
8. Bg2 d5 9. cxd5 exd5 10. Qe3+ Qe7 11. Qxe7+ Kxe7 12. O-O Nc6 13. dxc5
bxc5 14. Nc3 Rhe8 15. Rfd1 d4 16. Na4 Bxe2 17. Rd2 Bxf3 18. Bxf3 Rac8 19.
Rc1 Nd7 20. Bxc6 Rxc6 21. Rxd4 cxd4 22. Rxc6 Ne5 23. Rc7+ 1/2-1/2

[Event "4th Stage Russian Cup"]
[Site "Samara RUS"]
[Date "2002.08.03"]
[Round "9"]
[White "Kosintseva,N"]
[Black "Yandemirov,V"]
[Result "1/2-1/2"]
[WhiteElo "2394"]
[BlackElo "2502"]
[EventDate "2002.07.26"]

1. e4 e5 2. Nf3 Nc6 3. Nc3 Nf6 4. g3 d5 5. exd5 Nxd5 6. Bg2 Nxc3 7. bxc3
Bd6 8. O-O O-O 9. Rb1 b6 10. d4 exd4 11. cxd4 Rb8 12. Ng5 Ne7 13. c4 Bf5
14. Rb3 Qd7 15. Re1 Rbd8 16. Bb2 Qa4 17. Qc1 Ng6 18. c5 bxc5 19. dxc5 Be7
20. Ne4 Qa5 21. Ra3 Qb4 22. Rxa7 Rfe8 23. Qc3 Qxc3 24. Bxc3 Rd3 25. Rxc7
Bxe4 26. Bxe4 Rxc3 27. Bxg6 hxg6 28. Rexe7 Rxe7 29. Rxe7 Rxc5 30. h4 Ra5
31. Re2 Kh7 32. Kf1 Kh6 33. Ke1 f5 34. Kd1 g5 35. hxg5+ Kxg5 36. Kc1 Kg4
37. Kb2 Kf3 38. Rd2 g5 39. Kb3 f4 40. gxf4 gxf4 41. a4 Re5 42. Ra2 Re2 43.
Rxe2 Kxe2 44. a5 Kxf2 45. a6 f3 46. a7 Kg1 47. a8=Q f2 1/2-1/2

[Event "4th Stage Russian Cup"]
[Site "Samara RUS"]
[Date "2002.08.03"]
[Round "9"]
[White "Kurnosov,I"]
[Black "Dyachkov,S"]
[Result "1/2-1/2"]
[WhiteElo "2433"]
[BlackElo "2549"]
[EventDate "2002.07.26"]

1. e4 e6 2. d4 d5 3. Nd2 Nf6 4. e5 Nfd7 5. c3 c5 6. Bd3 Nc6 7. Ne2 cxd4 8.
cxd4 f6 9. exf6 Qxf6 10. Nf3 h6 11. Bb1 Bd6 12. Qd3 e5 13. dxe5 Ndxe5 14.
Nxe5 Nxe5 15. Qxd5 Bd7 16. f4 Nc6 17. O-O O-O-O 18. Ng3 Bc7 19. Ne4 Qe7 20.
Be3 Bg4 21. Qc4 Rhe8 22. a3 Kb8 23. Kh1 Be6 24. Qa4 Bd5 25. Bc5 Qe6 26. Ng3
g5 27. Bf5 Bxg2+ 28. Kxg2 Qd5+ 29. Be4 Qxc5 30. Rac1 Rd2+ 31. Kh1 Qb6 32.
Bxc6 bxc6 33. Rxc6 Qb7 34. Ne4 Rxb2 35. Rxc7 Qxe4+ 36. Qxe4 Rxe4 37. Rc6
gxf4 38. Rxh6 1/2-1/2

[Event "4th Stage Russian Cup"]
[Site "Samara RUS"]
[Date "2002.08.03"]
[Round "9"]
[White "Tihonov,J"]
[Black "Alavkin,A"]
[Result "1-0"]
[WhiteElo "2382"]
[BlackElo "2498"]
[EventDate "2002.07.26"]

1. Nf3 Nf6 2. g3 d5 3. Bg2 c6 4. O-O Bg4 5. b3 e6 6. Bb2 Nbd7 7. c4 Bd6 8.
d4 Qb8 9. Nbd2 O-O 10. Rc1 Re8 11. Re1 a5 12. e4 dxe4 13. Nxe4 Nxe4 14.
Rxe4 Nf6 15. Re3 Qd8 16. h3 Bh5 17. a4 Qe7 18. g4 Bg6 19. Ne5 Nd7 20. f4
Nxe5 21. fxe5 Ba3 22. Bxa3 Qxa3 23. c5 Red8 24. Rc4 Rd7 25. Qd2 Rad8 26.
Qc3 Bb1 27. Bf3 h6 28. Re1 Ba2 29. Bd1 Bb1 30. Bf3 Ba2 31. Re3 Bb1 32. Re2
Kh8 33. Kf2 Kg8 34. Kg3 Kh8 35. h4 Kg8 36. Re1 Ba2 37. Bd1 Bb1 38. g5 hxg5
39. hxg5 b5 40. cxb6 c5 41. Qc1 Qxc1 42. Rxc1 cxd4 43. Rxb1 Rb8 44. Be2 d3
45. Red1 Rd5 46. Bxd3 Rxe5 47. Kf4 f6 48. gxf6 gxf6 49. b4 Rxb6 50. b5 Rh5
51. Rh1 Rd5 52. Rbg1+ Kf8 53. Rh8+ Ke7 54. Rg7+ Kd6 55. Rd8+ Kc5 56. Rc7+
Kd4 57. Rxd5+ Kxd5 58. Be4+ Kd6 59. Rc6+ Rxc6 60. Bxc6 1-0

[Event "4th Stage Russian Cup"]
[Site "Samara RUS"]
[Date "2002.08.03"]
[Round "9"]
[White "Iskusnyh,S"]
[Black "Karpeshov,O"]
[Result "1-0"]
[WhiteElo "2485"]
[BlackElo "2408"]
[EventDate "2002.07.26"]

1. c4 e6 2. Nf3 d5 3. d4 Nf6 4. Nc3 Bb4 5. Qa4+ Nc6 6. e3 O-O 7. Bd2 a6 8.
Qc2 Bd6 9. h3 dxc4 10. Bxc4 e5 11. O-O exd4 12. exd4 b5 13. Be2 Nb4 14. Qb1
Bb7 15. Bg5 Re8 16. Qd1 c5 17. a3 Nc6 18. dxc5 Bxc5 19. Rc1 Nd4 20. Nxd4
Qxd4 21. Rc2 Qe5 22. Bxf6 gxf6 23. Rd2 Qg5 24. g4 Qf4 25. Rd3 Be3 26. Nd5
Qg3+ 27. Kh1 Bxd5+ 28. Rxd5 Qxh3+ 29. Kg1 Bf4 30. Rh5 1-0

[Event "4th Stage Russian Cup"]
[Site "Samara RUS"]
[Date "2002.08.03"]
[Round "9"]
[White "Shestoperov,A"]
[Black "Nikitin,An"]
[Result "1/2-1/2"]
[WhiteElo "2458"]
[BlackElo "2471"]
[EventDate "2002.07.26"]

1. d4 d5 2. c4 e6 3. Nf3 Be7 4. Nc3 Nf6 5. Bg5 h6 6. Bh4 O-O 7. e3 b6 8.
Bd3 Bb7 9. O-O Nbd7 10. Qe2 dxc4 11. Bxc4 Ne4 12. Bg3 Bd6 13. Rac1 Nxg3 14.
hxg3 c5 15. Rfd1 Qe7 16. Ba6 Nf6 17. a3 Rfd8 18. dxc5 Bxc5 19. b4 Bd6 20.
Bxb7 Qxb7 21. Nb5 Ne8 22. Nxd6 1/2-1/2

[Event "4th Stage Russian Cup"]
[Site "Samara RUS"]
[Date "2002.08.03"]
[Round "9"]
[White "Azarov,S"]
[Black "Lysyj,I"]
[Result "1/2-1/2"]
[WhiteElo "2532"]
[BlackElo "2382"]
[EventDate "2002.07.26"]

1. e4 e6 2. d4 d5 3. Nd2 c5 4. exd5 exd5 5. Ngf3 Nc6 6. Bb5 Bd6 7. dxc5
Bxc5 8. O-O Nge7 9. Nb3 Bd6 10. Bg5 O-O 11. Bh4 Bg4 12. Bg3 Bxg3 13. hxg3
Qb6 14. Bd3 Ne5 15. Re1 N7c6 16. Be2 Nxf3+ 17. gxf3 Bf5 18. Bd3 Bxd3 19.
Qxd3 Rad8 20. Kg2 h6 21. a4 Nb4 22. Qd2 a5 23. Nd4 Nc6 24. Nb5 d4 25. Re4
Rd7 26. Rae1 Qc5 27. b3 1/2-1/2

[Event "4th Stage Russian Cup"]
[Site "Samara RUS"]
[Date "2002.08.03"]
[Round "9"]
[White "Fominyh,A"]
[Black "Kosintseva,T"]
[Result "1-0"]
[WhiteElo "2530"]
[BlackElo "2441"]
[EventDate "2002.07.26"]

1. d4 f5 2. g3 Nf6 3. Bg2 g6 4. c3 Bg7 5. Qb3 Nc6 6. Nh3 d5 7. Nf4 e6 8.
Nd2 O-O 9. Nf3 a5 10. Nd3 b6 11. Qa4 Qd7 12. Qc2 Ba6 13. Bf4 Qe7 14. b3 Ne4
15. O-O g5 16. Be3 Rad8 17. Rad1 Qf6 18. a4 Ne7 19. Nfe5 Ng6 20. c4 dxc4
21. bxc4 Nxe5 22. dxe5 Qe7 23. f3 f4 24. gxf4 gxf4 25. Nxf4 Nc5 26. Nh5
Bxe5 27. f4 Bh8 28. Rxd8 Rxd8 29. Kh1 Qf7 30. Ng3 Bb7 31. Bxc5 Bxg2+ 32.
Kxg2 bxc5 33. Qe4 Rd4 34. Qa8+ Qf8 35. Qxa5 Rxc4 36. Qa6 Rxf4 37. Qxe6+ Qf7
38. Qc8+ Qf8 39. Qxf8+ Rxf8 40. Rxf8+ Kxf8 41. a5 1-0

[Event "4th Stage Russian Cup"]
[Site "Samara RUS"]
[Date "2002.08.03"]
[Round "9"]
[White "Nevostrujev,V"]
[Black "Vaulin,A"]
[Result "1/2-1/2"]
[WhiteElo "2502"]
[BlackElo "2544"]
[EventDate "2002.07.26"]

1. e4 c5 2. Nf3 d6 3. d4 cxd4 4. Nxd4 Nf6 5. Nc3 a6 6. Be2 e5 7. Nb3 Be7 8.
O-O Be6 9. f4 Qc7 10. Nd5 Bxd5 11. exd5 Nbd7 12. c4 O-O 13. Kh1 Rfe8 14.
Be3 Bf8 15. Bg1 exf4 16. Rxf4 Ne5 17. Rxf6 gxf6 18. Nd4 Ng6 19. Bd3 Re5 20.
Qd2 Qd7 21. Rf1 Qg4 22. h3 Qh5 23. Rxf6 Bh6 24. Qb4 Qd1 25. Qxb7 Rf8 26.
Qb3 Re1 27. Nf3 Bg7 28. Nxe1 Qxb3 29. axb3 Bxf6 30. b4 Nf4 31. Bf1 Bxb2 32.
Bh2 Be5 33. Nf3 f6 34. c5 dxc5 35. bxc5 Nxd5 36. Bc4 Rd8 37. Nxe5 fxe5 38.
c6 Kf8 39. Bxe5 Ne7 40. c7 Rd1+ 41. Kh2 Ke8 42. Bxa6 Kd7 43. Be2 Rd6 44.
Bxd6 Kxd6 45. Kg3 Kxc7 46. Kf4 Kd6 47. Kg5 Ke5 48. Bd3 Nd5 49. g3 Nf6 50.
Bc2 h5 51. Bg6 Ke6 52. Kh4 Ke7 53. Kg5 1/2-1/2

[Event "4th Stage Russian Cup"]
[Site "Samara RUS"]
[Date "2002.08.03"]
[Round "9"]
[White "Kokarev,D"]
[Black "Geller,J"]
[Result "1-0"]
[WhiteElo "2495"]
[BlackElo "2406"]
[EventDate "2002.07.26"]

1. e4 e5 2. Nf3 Nc6 3. Bb5 f5 4. Nc3 fxe4 5. Nxe4 d5 6. Nxe5 dxe4 7. Nxc6
bxc6 8. Bxc6+ Bd7 9. Qh5+ Ke7 10. Qe5+ Be6 11. Bxa8 Qxa8 12. Qxc7+ Kf6 13.
O-O Kg6 14. d3 Nf6 15. Be3 Qd5 16. dxe4 Nxe4 17. Rfd1 Bd6 18. Rxd5 Bxc7 19.
Rdd1 a6 20. f3 Nf6 21. c4 Re8 22. Bd4 Bf7 23. Kf2 h5 24. h4 Ng8 25. b3 Nh6
26. Kf1 Nf5 27. Bf2 Ng3+ 28. Kg1 Ne2+ 29. Kf1 Be5 30. Re1 Bxa1 31. Rxa1 Kf5
32. Rd1 Kf4 33. Rd7 Bg6 34. Rxg7 Bf5 35. Rf7 Re5 36. c5 Ng3+ 37. Kg1 Rd5
38. Kh2 Nf1+ 39. Kg1 Ng3 40. Re7 Rd1+ 41. Re1 Ne2+ 42. Kf1 Rd2 43. Rxe2 Rd5
44. Re1 1-0

[Event "4th Stage Russian Cup"]
[Site "Samara RUS"]
[Date "2002.08.03"]
[Round "9"]
[White "Kovalevskaya,E"]
[Black "Egorov,E"]
[Result "0-1"]
[WhiteElo "2486"]
[BlackElo "2444"]
[EventDate "2002.07.26"]

1. e4 e5 2. Nf3 Nc6 3. Bb5 Bc5 4. O-O Nd4 5. Nxd4 Bxd4 6. c3 Bb6 7. d4 c6
8. Bc4 d6 9. Nd2 Nf6 10. Nf3 Nxe4 11. dxe5 d5 12. Bd3 O-O 13. Qc2 Bf5 14.
Ng5 Nxg5 15. Bxf5 g6 16. Bd3 f5 17. Kh1 Ne4 18. f4 Qh4 19. Bxe4 fxe4 20.
Qe2 h5 21. Be3 Qg4 22. Qxg4 hxg4 23. Bxb6 axb6 24. g3 Kf7 25. Kg2 Ke6 26.
h3 gxh3+ 27. Kxh3 Rh8+ 28. Kg2 c5 29. a3 g5 30. fxg5 Kxe5 31. Rf7 Rag8 32.
Re7+ Kd6 33. Rxb7 Rxg5 34. Rxb6+ Ke5 35. Re1 Rgh5 36. Kf1 Rh1+ 37. Ke2
R8h2+ 38. Kd1 Rxe1+ 39. Kxe1 e3 40. b4 d4 41. Rc6 d3 42. Rxc5+ Kd6 0-1